| 000 | 01926nam a2200361Ia 4500 | ||
|---|---|---|---|
| 005 | 20220316235806.0 | ||
| 008 | 121119s9999 xx 000 0 und d | ||
| 020 | _a8408059297 | ||
| 041 | _aspa | ||
| 100 | 1 |
_aLewis, Clive Staples, _d1898-1963 |
|
| 245 | 1 | 3 |
_aLas crónicas de Narnia _bla travesía del viajero del Alba _cClive Staples Lewis ; traducción Gemma Gallart ; ilustraciones Pauline Baynes |
| 250 | _a1a edición., 13a reimpresión. | ||
| 300 |
_a312 páginas _bilustraciones en blanco y negro _c22 cm. |
||
| 490 |
_aLas crónicas de Narnia _vVolumen 5 |
||
| 500 | _aIncluye datos biográficos del autor | ||
| 520 | _aUn viaje al auténtico fin del mundo, donde múltiples profecías se verán cumplidas...Un rey y unos inesperados compañeros de viaje emprenden una travesía que los llevará más allá de toda tierra conocida. A medida que navegan por mares que no aparecen en los mapas, descubren que su misión es más arriesgada de lo que habían im aginado y que el fin del mundo es, en realidad, el umbral de una tierra incógnita | ||
| 534 | _tThe Voyage of the dawn treader | ||
| 650 | 1 | 4 |
_2LEMB _aNovela juvenil irlandesa _ySiglo XX. |
| 650 | 1 | 4 |
_2LEMB _aLiteratura juvenil irlandesa _ySiglo XX. |
| 650 | 1 | 4 |
_2LEMB _aAventuras en la literatura. |
| 650 | 1 | 4 |
_2LEMB _aFantasía en la literatura. |
| 650 | 1 | 4 |
_2LEMB _aViajeros en la literatura. |
| 700 | 1 |
_aGallart, Gemma _etraductor _9156565 |
|
| 700 | 1 |
_aBaynes, Pauline, _d1922-2008 _eilustrador _9156566 |
|
| 830 |
_aColección de Fortalecimiento 2011 _pColección de Fortalecimiento del Ministerio de Cultura, Plan Nacional de Lectura y Escritura Leer es mi Cuento, Fortalecimiento 2011 |
||
| 942 |
_2loc _cBKLIT |
||
| 264 |
_aBarcelona _bDestino _c2006 |
||
| 336 |
_atexto _btxt _2rdacontent |
||
| 337 |
_asin mediación _bn _2rdamedia |
||
| 338 |
_avolumen _bnc _2rdacarrier |
||
| 040 |
_aCO-BoRNBP _bspa _erda _cCO-BoRNBP |
||
| 084 | _aN LEW2 | ||
| 999 |
_c2179 _d2179 |
||